| 000 | 00724nam a2200205 a 4500 | ||
|---|---|---|---|
| 001 | 000023440 | ||
| 003 | AM-YEHGA | ||
| 005 | 20250618070843.0 | ||
| 008 | 030329s1970 ai |||||||||||||||||arm|c | ||
| 040 | _aAM-YeHGA | ||
| 041 | 0 | _aarm | |
| 100 | 1 |
_aԱրևշատյան, Լևոն Արտոյի, _d1938- _93141 |
|
| 245 | 1 | 0 |
_aՀամաճարակային հեպատիտ : _b(Բոտկինի հիվանդություն) / _cԼ.Ա. Արևշատյան. |
| 260 |
_aԵրևան : _bՀայաստան, _c1970. |
||
| 300 | _a24 էջ | ||
| 650 | 1 | 4 | _aԲժշկություն |
| 710 | 2 | _aՀՍՍՀ առողջապահության մինիստրության հանրապետական սանլուստուն | |
| 942 |
_2udc _cBK |
||
| 090 | _c9353 | ||
| 999 |
_c9289 _d9289 |
||